Thermodynamics (Record no. 5996)

000 -LEADER
fixed length control field 00510nam a2200205 i 4500
001 - CONTROL NUMBER
control field 5996
003 - CONTROL NUMBER IDENTIFIER
control field BD-DhUET
008 - FIXED-LENGTH DATA ELEMENTS--GENERAL INFORMATION
fixed length control field 770308s1978 nyua b 001 0 eng
020 ## - INTERNATIONAL STANDARD BOOK NUMBER
International Standard Book Number 0029789109
040 ## - CATALOGING SOURCE
Original cataloging agency DLC
Transcribing agency DLC
Modifying agency BD-DhUET
082 00 - DEWEY DECIMAL CLASSIFICATION NUMBER
Classification number 621.01
Item number FAI/1970
100 ## - MAIN ENTRY--PERSONAL NAME
Personal name Faires, Virgil Moring
245 10 - TITLE STATEMENT
Title Thermodynamics
250 ## - EDITION STATEMENT
Edition statement 6th ed.
260 ## - PUBLICATION, DISTRIBUTION, ETC. (IMPRINT)
Place of publication, distribution, etc. New York
Name of publisher, distributor, etc. Macmillan
Date of publication, distribution, etc. 1978
300 ## - PHYSICAL DESCRIPTION
Extent xxiii, 647 p.
Other physical details ill.
Dimensions 26 cm.
650 #0 - SUBJECT ADDED ENTRY--TOPICAL TERM
Topical term or geographic name as entry element Thermodynamics
700 ## - ADDED ENTRY--PERSONAL NAME
Personal name Simmang, Clifford M.
942 ## - ADDED ENTRY ELEMENTS (KOHA)
Koha item type General Book
Holdings
Sublocation or collection (holding branch) Koha normalized classification for sorting Copy number Koha full call number Price effective from Location (home branch) Source of classification or shelving scheme Withdrawn status Piece designation (barcode) Not for loan Lost status Koha item type Shelving location Date acquired Koha date last seen Damaged status
Central Library, BUET621_010000000000000_FAI_19782621.01/FAI/19782014-11-29Central Library, BUET  37055  General BookCirculation section2014-11-292014-11-29 
Central Library, BUET621_000000000000000_01FAI19783621.01FAI/19782014-11-29Central Library, BUET  53629  General BookCirculation section2014-11-292014-11-29 
Central Library, BUET621_010000000000000_FAI_19703621.01/FAI/19702015-06-14Central Library, BUET  55395  General BookReading section2015-06-142015-06-14 
Central Library, BUET621_010000000000000_FAI_19704621.01/FAI/19702015-06-16Central Library, BUET  42942  General BookReading section2015-06-162015-06-16 
Central Library, BUET621_010000000000000_FAI_19705621.01/FAI/19702015-06-29Central Library, BUET  50946  Reading ItemReading section2015-06-292015-06-29